000 00687nam a2200241Ia 4500
003 OSt
005 20220918105344.0
006 a|||||r|||| 00| 0
007 ta
008 220915b |||||||| |||| 00| 0 eng d
024 _a56999
037 _cReference Collections
040 _aARTS
_cARTS
_beng
041 _2eng
_aeng
082 _aP15,C4xH50,1, J4(RR)
100 _aIrugapa Dandadhinatha
_9383
245 0 _aNanartha-ratnamala ed by B R Sarma
260 _c1954
490 _aSources of Indo-Aryan lexicography; 8
650 _aLINGUISTICS
942 _hP15,C4xH50,1, J4(RR)
_cREF
999 _c106269
_d106269